Responses for show #2024 - Thursday, May 27, 1993

Contestants

Tim Paine, a writer originally from Springfield, Massachusetts

Brian Donahue, a research scientist originally from Wellesley, Massachusetts

Jeff Lesemann, a flea merchant from St. Petersburg, Florida (whose 1-day cash winnings total $4,300)

Jeopardy! Round responses

SICKNESS & HEALTH
EUROPEAN CUISINE
QUOTES
1893
WORLD FACTS
TV "O"s
    $100 11
dental floss

Jeff
    $100 26
France

Jeff
    $100 6
a moon

Brian
    $100 12
Hawaii

Tim
    $100 14
letters of the alphabet

Tim
    $100 1
(Jeff: Who is....[time]?)

(Merlin) Olsen

JeffBrian
    $200 13
diaper rash

Tim
    $200 27
(Jeff: What is champagne?)
(Alex: Good choice!)

beer

Jeff
Triple Stumper
    $200 7
every minute

Tim
    $200 19
Oklahoma

Jeff
    $200 15
Nepal

Brian
    $200 2
Tony Orlando

Jeff
    $300 23
the lungs

Brian
    $300 28
(Jeff: What is Norway?)

Sweden

Jeff
Triple Stumper
    $300 8
Winston Churchill

Brian
    $300 20
hockey

Brian
    $300 16
(Brian: What is Haiti?)
(Jeff: What is Bermuda?)

Greenland

JeffBrian
Triple Stumper
    $300 3
Lord Olivier

Jeff
    $400 24
hiccups

Jeff
    $400 29
angel hair pasta

Jeff
    $400 9
watching you

Brian
    $400 21
Indochina

Brian
    $400 17
South Korea

Brian
    $400 4
Ken Olin

Tim
    $500 25
anemia

Brian
    $500 30
Greece

Jeff
    $500 10
Thomas Wolfe

Triple Stumper
    $500 22
Illinois

Brian
    $800 18
(Brian: What is Iraq?)

Yugoslavia

Brian
    $500 5
(Edward James) Olmos

Tim

Scores at the first commercial break (after clue 13):

Jeff Brian Tim
$500 $900 $1,400

Scores at the end of the Jeopardy! Round:

Jeff Brian Tim
$1,300 $2,400 $1,500

Double Jeopardy! Round responses

U.S. CITIES
NOTABLE WOMEN
BROADWAY MUSICALS
NAVAL BATTLES
ESSAYS
BUSINESS & INDUSTRY
    $200 3
Omaha

Jeff
    $200 18
American Civil Liberties Union

Brian
    $200 2
George M. Cohan

Brian
    $200 1
Antony & Cleopatra

Tim
    $200 20
"Civil Disobedience"

Jeff
    $200 14
Ted Turner

Jeff
    $400 9
Berkeley

Brian
    $400 19
Margaret Thatcher

Tim
    $400 5
The Man of La Mancha

Tim
    $400 4
the Spanish Armada

Tim
    $400 24
(Tim: What is "Common Sense?")
(Jeff: What are the....papers [time]?)

"The Federalist Papers"

JeffTim
Triple Stumper
    $400 15
Johnson & Johnson

Tim
    $600 10
Cleveland

Brian
    $600 6
Florence Henderson

Jeff
    $600 7
Trafalgar

Jeff
    $600 25
(John) Milton

Jeff
    $600 21
Quaker Oats

Jeff
    $800 11
Pontiac

Brian
    $500 16
(Alex: "There's trouble in River City!")

The Music Man

Tim
    $800 8
the Crimean War

Brian
    $800 26
Rachel Carson

Triple Stumper
    $800 22
Land O'Lakes

Jeff
    $1000 12
Louisville

Jeff
    $1000 17
(Brian: What is "The King and I?")

Camelot

BrianTim
    $1000 13
the Coral Sea

Jeff
    $1000 27
(Jeff: Who was Myers?)
[end-of-round signal sounds]

Ralph Waldo Emerson

Jeff
Triple Stumper
    $3,500 23
(Jeff: What is....L'Envan?)
(Alex: Less than a minute to go in the round.)

Revlon

Jeff

Scores at the end of the Double Jeopardy! Round:

Jeff Brian Tim
$2,200 $4,400 $4,400

[wagering suggestions for these scores]

Final Jeopardy! Round responses

MEN OF SCIENCE
JeffWhat is a Gyroscope?
$2,200
BrianWhat is a gyroscope?
$4,399
TimWhat is a Compass?!
$4,400
gyroscope

Final scores:

Jeff Brian Tim
$4,400 $8,799 $0
2nd place: Trip to Washington, D.C. at the L'Enfant Plaza Hotel New champion: $8,799 3rd place: Krieger watches

Game dynamics:

Coryat scores:

Jeff Brian Tim
$5,700 $5,200 $4,700
18 R,
7 W
(including 1 DD)
17 R,
3 W
(including 1 DD)
13 R
(including 1 DD),
1 W

Combined Coryat: $15,600

The J! Archive is created by fans, for fans. Scraping, republication, monetization, and malicious use prohibited; this site may use cookies and collect identifying information. See terms. The Jeopardy! game show and all elements thereof, including but not limited to copyright and trademark thereto, are the property of Jeopardy Productions, Inc. and are protected under law. This website is not affiliated with, sponsored by, or operated by Jeopardy Productions, Inc. Join the discussion at JBoard.tv.